00309nam a2200121 a 450000500170000000800410001702000060005805000180006410000190008224500260010126000360012744000240016320140414131906.0050928s19uu xx 00 eng d a  aFICbSt1 2000 aWindham, Ryder aFestival of warriors. aNew York :bScholastic ,c2000. aStar Wars Episode 1